000 00625nam a2200121Ia 4500
008 171212s9999 xx 000 0 und d
020 _a9780833059383
100 _aAcosta, Joie D.;Reynolds, Kerry A.;Gillen, Emily M.;Feeney, Kevin Carter;Farmer, Carrie M.
245 _cAcosta, Joie D.;Reynolds, Kerry A.;Gillen, Emily M.;Feeney, Kevin Carter;Farmer, Carrie M.
_aThe RAND Online Measure Repository for Evaluating Psychological Health and Traumatic Brain Injury Programs
_bThe RAND Toolkit, Volume 2
260 _bRAND Corporation
_c2014
650 _aHealth Sciences
856 _uhttp://www.jstor.org/stable/10.7249/j.ctt5vjvpm
999 _c352707
_d352707